[Event "LSS WC-2010-P-00006"]
[Site "LSS email"]
[Date "2006.06.05"]
[Round "?"]
[White "Rubio Doblas, Francisco Javier"]
[Black "Heupel, Helmut"]
[Result "1-0"]
[WhiteElo "2251"]
[BlackElo "1585"]
[PlyCount "29"]
[EventDate "2006.06.05"]
[EventType "tourn (corr)"]
[EventRounds "6"]
[EventCountry "GER"]
[SourceTitle "Corr 2015"]
[Source "ChessBase"]
[SourceDate "2015.07.17"]
[SourceVersion "1"]
[SourceVersionDate "2015.07.17"]
[SourceQuality "1"]

1. e4 c6 2. d4 d5 3. Nc3 dxe4 4. Nxe4 Bf5 5. Ng3 Bg6 6. h4 h6 7. Nf3 Nd7 8. h5 Bh7 9. Bd3 Bxd3 10. Qxd3 e6 11. Bf4 Qa5+ 12. Bd2 Bb4 13. c3 Be7 14. c4 Qc7 15. 0-0-0 1-0

[Event "IECG OP.2006.0.00055"]
[Site "IECG email"]
[Date "2006.05.27"]
[Round "?"]
[White "Heupel, Helmut"]
[Black "Krupikov, Andrey Viktorovich"]
[Result "1-0"]
[WhiteElo "1513"]
[BlackElo "1517"]
[PlyCount "43"]
[EventDate "2006.05.27"]
[EventType "tourn (corr)"]
[EventRounds "6"]
[SourceTitle "Corr 2008"]
[Source "ChessBase"]
[SourceDate "2008.06.24"]
[SourceVersion "1"]
[SourceVersionDate "2008.06.24"]
[SourceQuality "1"]

1. d4 Nf6 2. c4 g6 3. Nc3 Bg7 4. e4 d6 5. f3 0-0 6. Be3 Nc6 7. Nge2 a6 8. Qd2 Rb8 9. Nc1 e5 10. d5 Nd4 11. N1e2 c5 12. dxc6 Nxc6 13. Nd5 b5 14. Nec3 Nd4 15. Bd3 Nxd5 16. Nxd5 Be6 17. 0-0 f5 18. cxb5 axb5 19. Rac1 Bxd5 20. exd5 Qb6 21. f4 Rfc8 22. Qf2 1-0

[Event "IECG OP.2006.0.00055"]
[Site "IECG email"]
[Date "2006.05.27"]
[Round "?"]
[White "Just, Bent"]
[Black "Heupel, Helmut"]
[Result "1/2-1/2"]
[WhiteElo "1627"]
[BlackElo "1513"]
[PlyCount "61"]
[EventDate "2006.05.27"]
[EventType "tourn (corr)"]
[EventRounds "6"]
[SourceTitle "Corr 2008"]
[Source "ChessBase"]
[SourceDate "2008.06.24"]
[SourceVersion "1"]
[SourceVersionDate "2008.06.24"]
[SourceQuality "1"]

1. e4 e5 2. Nf3 Nf6 3. Nc3 Nc6 4. Bb5 Bb4 5. 0-0 0-0 6. Bxc6 dxc6 7. Nxe5 Re8 8. Nd3 Bxc3 9. dxc3 Nxe4 10. Re1 Nd6 11. Bf4 Rxe1+ 12. Qxe1 Bf5 13. Qe3 Qe8 14. Re1 Qxe3 15. Rxe3 Kf8 16. f3 Re8 17. g4 Bg6 18. Kf2 h5 19. Rxe8+ Kxe8 20. Ke3 f6 21. h4 hxg4 22. fxg4 Bf7 23. Bg3 Be6 24. Kf4 Bxa2 25. b3 Bb1 26. Ne1 Nb5 27. Ke3 Nxc3 28. Bh2 b6 29. Kd2 Na2 30. Bxc7 Kd7 31. Bg3 1/2-1/2

[Event "CFriend CP-2005-P-00015"]
[Site "Chessfriend.com"]
[Date "2005.10.01"]
[Round "1"]
[White "Heupel, Helmut"]
[Black "Chorfi, Khaled"]
[Result "0-1"]
[WhiteElo "1508"]
[BlackElo "2371"]
[PlyCount "54"]
[EventDate "2005.??.??"]
[EventType "tourn (corr)"]
[EventRounds "6"]
[SourceTitle "Corr 2008"]
[Source "ChessBase"]
[SourceDate "2008.06.24"]
[SourceVersion "1"]
[SourceVersionDate "2008.06.24"]
[SourceQuality "1"]

1. e4 c5 2. Nf3 e6 3. d4 cxd4 4. Nxd4 a6 5. Bd3 Bc5 6. Nb3 Ba7 7. 0-0 Nc6 8. Qg4 Nf6 9. Qxg7 Rg8 10. Qh6 Ne5 11. Be2 Neg4 12. Bxg4 Rg6 13. Qh4 Nxg4 14. Qxd8+ Kxd8 15. Bf4 e5 16. Bg3 d6 17. Nc3 Be6 18. Rfd1 Kc7 19. h3 Ne3 20. fxe3 Rxg3 21. Re1 Rag8 22. Re2 Bxh3 23. Nd5+ Kb8 24. Kh2 Bxg2 25. Nf6 R8g6 26. Nd7+ Kc7 27. Nf8 R6g4 0-1

[Event "CFriend CP-2005-P-00015"]
[Site "Chessfriend.com"]
[Date "2005.10.01"]
[Round "1"]
[White "Kriksciunas, Bronislavas"]
[Black "Heupel, Helmut"]
[Result "1-0"]
[WhiteElo "2106"]
[BlackElo "1508"]
[PlyCount "59"]
[EventDate "2005.??.??"]
[EventType "tourn (corr)"]
[EventRounds "6"]
[SourceTitle "Corr 2008"]
[Source "ChessBase"]
[SourceDate "2008.06.24"]
[SourceVersion "1"]
[SourceVersionDate "2008.06.24"]
[SourceQuality "1"]

1. c4 Nf6 2. d4 g6 3. Nc3 d5 4. Nf3 Bg7 5. Qb3 dxc4 6. Qxc4 0-0 7. e4 Na6 8. Be2 c5 9. d5 e6 10. 0-0 exd5 11. exd5 Bf5 12. Bf4 Re8 13. Rad1 Ne4 14. Nb5 Qf6 15. Bd3 Bd7 16. Be5 Bxb5 17. Qxb5 Rxe5 18. Nxe5 Nd6 19. Ng4 Qf4 20. Qd7 c4 21. Be2 Nc5 22. Qc7 Rc8 23. Qa5 Bxb2 24. Qxa7 h5 25. Qb6 Na4 26. Qe3 Qxe3 27. Nxe3 b5 28. Rd2 Ne4 29. Rc2 c3 30. Bxb5 1-0

[Event "CFriend CP-2005-P-00015"]
[Site "Chessfriend.com"]
[Date "2005.10.01"]
[Round "1"]
[White "Wortham, Alan Kirt"]
[Black "Heupel, Helmut"]
[Result "1-0"]
[WhiteElo "1824"]
[BlackElo "1508"]
[PlyCount "57"]
[EventDate "2005.??.??"]
[EventType "tourn (corr)"]
[EventRounds "6"]
[SourceTitle "Corr 2008"]
[Source "ChessBase"]
[SourceDate "2008.06.24"]
[SourceVersion "1"]
[SourceVersionDate "2008.06.24"]
[SourceQuality "1"]

1. d4 Nf6 2. c4 g6 3. Nc3 d5 4. cxd5 Nxd5 5. e4 Nxc3 6. bxc3 Bg7 7. Nf3 c5 8. Rb1 0-0 9. Be2 cxd4 10. cxd4 Qa5+ 11. Bd2 Qxa2 12. 0-0 Bg4 13. Bg5 h6 14. Bh4 e6 15. Rxb7 g5 16. Bg3 Rd8 17. Rc7 a5 18. Rc2 Qa4 19. Ne5 Bxe2 20. Qxe2 Qxd4 21. Rc4 Bxe5 22. Rxd4 Bxd4 23. Qh5 Kg7 24. h4 f6 25. hxg5 hxg5 26. e5 Bxe5 27. Bxe5 fxe5 28. Qxg5+ Kf7 29. Qxd8 1-0

[Event "CFriend RI-2005-0-00036 email"]
[Site "Chessfriend.com"]
[Date "2005.07.19"]
[Round "1"]
[White "Heupel, Helmut"]
[Black "Prestage, George"]
[Result "1-0"]
[WhiteElo "1508"]
[BlackElo "1774"]
[PlyCount "23"]
[EventDate "2005.07.19"]
[EventType "tourn (corr)"]
[EventRounds "6"]
[SourceTitle "Corr 2024"]
[Source "ChessBase"]
[SourceDate "2023.10.19"]
[SourceVersion "1"]
[SourceVersionDate "2023.10.19"]
[SourceQuality "1"]

1. d4 h6 2. e4 b6 3. f4 e6 4. Nf3 Bb7 5. Bd3 c5 6. 0-0 cxd4 7. Nxd4 Bc5 8. Be3 Nf6 9. Qf3 Nc6 10. c3 0-0 11. Nd2 Bxd4 12. cxd4 1-0

[Event "CFriend RI-2005-0-00036 email"]
[Site "Chessfriend.com"]
[Date "2005.07.19"]
[Round "1"]
[White "Heupel, Helmut"]
[Black "Starace, Umberto"]
[Result "1/2-1/2"]
[WhiteElo "1508"]
[BlackElo "1960"]
[PlyCount "34"]
[EventDate "2005.07.19"]
[EventType "tourn (corr)"]
[EventRounds "6"]
[SourceTitle "Corr 2008"]
[Source "ChessBase"]
[SourceDate "2008.06.24"]
[SourceVersion "1"]
[SourceVersionDate "2008.06.24"]
[SourceQuality "1"]

1. e4 e5 2. Nf3 Nc6 3. Bc4 Nf6 4. d4 exd4 5. 0-0 Nxe4 6. Re1 d5 7. Bxd5 Qxd5 8. Nc3 Qa5 9. Nxe4 Be6 10. Neg5 0-0-0 11. Nxe6 fxe6 12. Rxe6 Bd6 13. Bg5 Rdf8 14. Qe2 h6 15. Bd2 Qh5 16. h3 Qd5 17. Qe4 Qxe4 1/2-1/2

[Event "CFriend SL-2005-0-00029 email"]
[Site "Chessfriend.com"]
[Date "2005.03.11"]
[Round "1"]
[White "Gianassi, Roberto"]
[Black "Heupel, Helmut"]
[Result "0-1"]
[WhiteElo "845"]
[BlackElo "1508"]
[PlyCount "34"]
[EventDate "2005.03.11"]
[EventType "tourn (corr)"]
[EventRounds "6"]
[SourceTitle "Corr 2008"]
[Source "ChessBase"]
[SourceDate "2008.06.24"]
[SourceVersion "1"]
[SourceVersionDate "2008.06.24"]
[SourceQuality "1"]

1. e4 e6 2. d4 d5 3. e5 c5 4. c3 Nc6 5. Bb5 Nge7 6. Nf3 Bd7 7. Be3 cxd4 8. cxd4 Qa5+ 9. Nc3 Nxe5 10. Bxd7+ Nxd7 11. 0-0 Rc8 12. Qb3 Nc6 13. Qxb7 Nb6 14. Rfc1 Nd8 15. Qxc8 Nxc8 16. Ne5 Nd6 17. b3 Nf5 0-1

[Event "CFriend SL-2005-0-00029 email"]
[Site "Chessfriend.com"]
[Date "2005.03.11"]
[Round "1"]
[White "Heupel, Helmut"]
[Black "Kirilloff, Victor"]
[Result "1-0"]
[WhiteElo "1508"]
[BlackElo "1148"]
[PlyCount "89"]
[EventDate "2005.03.11"]
[EventType "tourn (corr)"]
[EventRounds "6"]
[SourceTitle "Corr 2008"]
[Source "ChessBase"]
[SourceDate "2008.06.24"]
[SourceVersion "1"]
[SourceVersionDate "2008.06.24"]
[SourceQuality "1"]

1. d4 d5 2. e3 Nf6 3. Nf3 Bg4 4. c4 c6 5. h3 Bxf3 6. Qxf3 e6 7. Bd3 Nbd7 8. 0-0 Be7 9. Nc3 0-0 10. Rd1 dxc4 11. Bxc4 Nb6 12. Bd3 Nfd5 13. a3 f5 14. e4 Nxc3 15. bxc3 c5 16. exf5 cxd4 17. Be4 Rc8 18. cxd4 Nd5 19. Qb3 Nc3 20. Re1 Nxe4 21. Qxe6+ Rf7 22. Qxe4 Bf6 23. Bb2 Rc6 24. Rac1 Rd6 25. Bc3 Re7 26. Qc2 Rf7 27. Re4 Qd7 28. Bb4 Rc6 29. Qd1 Rxc1 30. Qxc1 b6 31. Qe3 h6 32. Re8+ Kh7 33. Qe6 Qxe6 34. fxe6 Rc7 35. d5 Kg6 36. d6 Rc1+ 37. Kh2 a5 38. Bd2 Rd1 39. Bf4 Rd4 40. g3 b5 41. Rf8 Re4 42. d7 Be7 43. Bd6 Bd8 44. Rxd8 Rxe6 45. Bc5 1-0

[Event "CFriend RL-2005-0-00031 email"]
[Site "Chessfriend.com"]
[Date "2005.02.22"]
[Round "1"]
[White "Feng, Jason"]
[Black "Heupel, Helmut"]
[Result "0-1"]
[WhiteElo "1432"]
[BlackElo "1508"]
[PlyCount "152"]
[EventDate "2005.02.22"]
[EventType "tourn (corr)"]
[EventRounds "6"]
[SourceTitle "Corr 2024"]
[Source "ChessBase"]
[SourceDate "2023.10.19"]
[SourceVersion "1"]
[SourceVersionDate "2023.10.19"]
[SourceQuality "1"]

1. e4 c5 2. a3 Nc6 3. Nf3 Nf6 4. Nc3 d5 5. exd5 Nxd5 6. Bc4 Nxc3 7. bxc3 e5 8. d3 Bg4 9. Rb1 Rb8 10. Qe2 Bd6 11. Qe4 Qd7 12. Ng5 Bh5 13. 0-0 h6 14. Nf3 Bg6 15. Qe2 0-0 16. Re1 a6 17. Bd5 b5 18. Bb2 Rbe8 19. Nd2 Bc7 20. c4 Nd4 21. Qd1 Ba5 22. Re3 Bxd2 23. Qxd2 Kh8 24. Rg3 Rb8 25. Re3 Rfe8 26. Bxd4 cxd4 27. Ree1 Qd6 28. Qb4 Qc7 29. cxb5 Rxb5 30. Qc4 Rc5 31. Qa4 f6 32. Bc4 a5 33. Rb5 Rxb5 34. Qxb5 Rb8 35. Qd5 Bh7 36. Qf3 Qd6 37. Qg3 a4 38. f4 exf4 39. Qf2 Rd8 40. Ra1 Bg8 41. Bb5 Bf7 42. Bxa4 Qa6 43. Bb3 Bxb3 44. cxb3 Qxd3 45. b4 Qc3 46. Qe1 Qe3+ 47. Qxe3 fxe3 48. Kf1 d3 49. Ke1 Rc8 50. Rd1 Rc3 51. b5 Rxa3 52. b6 Rb3 53. b7 Rxb7 54. Rxd3 Rb2 55. Kf1 e2+ 56. Ke1 Kh7 57. Re3 h5 58. h3 Kg6 59. Rg3+ Kf7 60. Ra3 g5 61. g3 Ke6 62. Kf2 Rc2 63. Re3+ Kd5 64. Rd3+ Ke4 65. Re3+ Kd4 66. Re8 e1Q+ 67. Kxe1 Rg2 68. g4 hxg4 69. hxg4 Rxg4 70. Kf2 Re4 71. Rd8+ Ke5 72. Kf3 g4+ 73. Kg3 Kf5 74. Rf8 Re3+ 75. Kf2 Rf3+ 76. Kg2 Kg5 0-1

[Event "IECG QN.2003.0.00284 email "]
[Site "IECG email"]
[Date "2003.07.28"]
[Round "?"]
[White "Pozzi, Igor"]
[Black "Heupel, Helmut"]
[Result "0-1"]
[WhiteElo "867"]
[BlackElo "800"]
[PlyCount "40"]
[EventDate "2003.07.28"]
[EventType "tourn (corr)"]
[EventRounds "6"]
[SourceTitle "Corr 2008"]
[Source "ChessBase"]
[SourceDate "2008.06.24"]
[SourceVersion "1"]
[SourceVersionDate "2008.06.24"]
[SourceQuality "1"]

1. e4 c5 2. Nf3 d6 3. d4 cxd4 4. Nxd4 Nf6 5. Nc3 a6 6. Be2 e5 7. Nf3 h6 8. 0-0 Be6 9. Be3 Be7 10. Nd5 Nbd7 11. Bc4 Nxe4 12. Nd2 Nxd2 13. Qxd2 Rc8 14. Bb3 Bg5 15. Bxg5 Qxg5 16. Qxg5 hxg5 17. c3 Nc5 18. Rfd1 Nxb3 19. axb3 g4 20. c4 g3 0-1

[Event "IECG QN.2003.0.00280 email "]
[Site "IECG email"]
[Date "2003.07.01"]
[Round "?"]
[White "Tassinati, Mirco"]
[Black "Heupel, Helmut"]
[Result "0-1"]
[WhiteElo "800"]
[BlackElo "800"]
[PlyCount "32"]
[EventDate "2003.07.01"]
[EventType "tourn (corr)"]
[EventRounds "6"]
[SourceTitle "Corr 2008"]
[Source "ChessBase"]
[SourceDate "2008.06.24"]
[SourceVersion "1"]
[SourceVersionDate "2008.06.24"]
[SourceQuality "1"]

1. e4 c5 2. Nf3 Nc6 3. b3 Nf6 4. Bb2 Nxe4 5. Nc3 Nxc3 6. Bxc3 d5 7. Bb5 Qb6 8. a4 a6 9. Bxc6+ Qxc6 10. 0-0 d4 11. Bb2 Bg4 12. Ne5 Bxd1 13. Raxd1 Qc7 14. Rde1 e6 15. Ba3 Bd6 16. Ng4 h5 0-1

[Event "IECG QN.2003.0.00278 email "]
[Site "IECG email"]
[Date "2003.06.19"]
[Round "?"]
[White "Simoni, William"]
[Black "Heupel, Helmut"]
[Result "0-1"]
[WhiteElo "938"]
[BlackElo "800"]
[PlyCount "66"]
[EventDate "2003.06.19"]
[EventType "tourn (corr)"]
[EventRounds "6"]
[SourceTitle "Corr 2008"]
[Source "ChessBase"]
[SourceDate "2008.06.24"]
[SourceVersion "1"]
[SourceVersionDate "2008.06.24"]
[SourceQuality "1"]

1. e4 c5 2. Nf3 Nc6 3. d4 cxd4 4. Nxd4 Nf6 5. Nc3 e5 6. Ndb5 d6 7. Bg5 a6 8. Bxf6 gxf6 9. Na3 b5 10. Nd5 Bg7 11. c4 f5 12. cxb5 Nd4 13. bxa6 0-0 14. exf5 Qa5+ 15. Nc3 Bxf5 16. Qa4 Qc5 17. Ncb5 Rfb8 18. a7 Rb7 19. Qa5 Bd7 20. Qc3 Nxb5 21. Qxc5 dxc5 22. Nxb5 Bxb5 23. Bxb5 Rxb5 24. 0-0-0 f5 25. Rd7 e4 26. b3 Ra5 27. Rhd1 Bd4 28. a4 R5xa7 29. Rxa7 Rxa7 30. f3 e3 31. g4 fxg4 32. Rg1 Kf8 33. Rxg4 Rf7 0-1